000 00632nam a2200193Ia 4500
005 20260114185654.0
008 008 260114s9999 xx 000 0 eng d
020 _a9780755623631
037 _aEBOOK
040 _aCRL
_beng
_cCRL
041 _aeng
_2eng
084 _qCRL
100 _aOlatunji Ojo and Nadine Hunt
_9872955
245 0 _aSlavery in Africa and the Caribbean A History of Enslavement and Identity Since the Eighteenth Century
260 _bBloomsbury
_c2012
856 _uhttps://doi.org/10.5040/9780755623631?locatt=label:secondary_bloomsburyCollections
942 _cEBOOK
999 _c1471903
_d1471903